000 00731nam a2200217Ii 4500
003 JO-AjNU
008 230605s9999||||xx |||||||||||||| ||und||
017 _a1973/1791
040 _aJO-AjNU
_bara
_erda
_cJO-AjNU
041 _aara
050 1 4 _aD16.25 .A2 1973
100 3 _aتاليف السيد، عبد الحميد,
_eauthor
_99088
245 0 0 _aالتاريخ في التعليم الثانوي: اهدافه، مناهجه، تدريسه
250 _aط2
264 3 1 _aالقاهرة: دار النهضة العربية، 1973
300 _a332ص
336 _atext
_btxt
_2rdacontent
337 _aunmediated
_bn
_2rdamedia
338 _avolume
_bnc
_2rdacarrier
650 4 _aتاريخ -- تعلم وتعليم.
_99089
999 _aA1120
_c4688
_d4688